Afrykańskie państwa na Mistrzostwach świata - Statystyki

Ogólne statystyki
  • Ten quiz został rozwiązany 246 razy
  • Średni wynik to 11 z 13
Statystyki odpowiedzi
Hint Odpowiedź % Poprawnych
4. miejsce Maroko
99%
Faza grupowa Egipt
94%
Ćwierćfinał Senegal
93%
Faza grupowa Republika Południowej Afryki
92%
Ćwierćfinał Kamerun
91%
1/8 finału Algieria
89%
Ćwierćfinał Ghana
85%
Faza grupowa Tunezja
80%
1/8 finału Nigeria
79%
Faza grupowa Demokratyczna Republika Konga
75%
Faza grupowa Wybrzeże Kości Słoniowej
69%
Faza grupowa Angola
62%
Faza grupowa Togo
55%
Nie znaleziono quizów pasujących do podanych kryteriów
Rozkład punktacji
Procent ludzi z każdym wynikiem
Percentyl według liczby udzielonych odpowiedzi
Twoja historia wyników
Nie rozwiązałeś tego quizu